| 000 | 01480nam a2200421 c 4500 | ||
|---|---|---|---|
| 001 | 19344 | ||
| 003 | ES-MaCES | ||
| 005 | 20150925135637.0 | ||
| 008 | 060908s2006 sp t 000 | spa d | ||
| 017 |
_aNA 1951-2006 _bDL |
||
| 020 | _a8497672046 | ||
| 035 | _aCES20060012216m | ||
| 040 |
_aES-MaCES _bspa _cES-MaCES |
||
| 245 | 0 | 3 |
_aLa reforma laboral de 2006 _b: análisis del Real Decreto-ley 5/2006, de 9 de junio _cAntonio V. Sempere Navarro (director) ; José Luján Alcaraz ... [et al.] |
| 260 |
_aCizur Menor (Navarra) _bAranzadi _c[2006] |
||
| 300 |
_a313 p. _c24 cm |
||
| 490 | 1 | _aPunto de actualidad legal | |
| 541 | _cCompra | ||
| 650 | 4 |
_amercado de trabajo _928292 |
|
| 650 | 4 |
_areforma legislativa _929892 |
|
| 650 | 4 |
_acrecimiento económico _927094 |
|
| 650 | 4 |
_aempleo _928299 |
|
| 650 | 4 |
_anegociación colectiva _928362 |
|
| 650 | 4 |
_aEspaña _926964 |
|
| 650 | 4 |
_alegislación del trabajo _927166 |
|
| 650 | 4 |
_a2006 _931838 |
|
| 650 | 4 |
_atexto _929624 |
|
| 650 | 4 |
_acomentario _928971 |
|
| 653 | 1 | 0 | _aDerecho del trabajo y Seguridad Social |
| 650 | 4 |
_928369 _arelaciones laborales |
|
| 700 | 1 |
_aLuján Alcaraz, José _917142 |
|
| 700 | 1 |
_aSempere Navarro, Antonio Vicente _edir. _923834 |
|
| 710 | 1 |
_aEspaña _tReal Decreto-Ley para la mejora del crecimiento y el empleo _d2006 _93350 |
|
| 830 | 0 |
_aPunto de actualidad legal _934189 |
|
| 902 | _aLIB Libro | ||
| 942 |
_2CES _cBK _h6.0.1. |
||
| 999 |
_c19344 _d19344 |
||